Derecho procesal orgánico

Saved in:
Bibliografiske detaljer
Hovedforfatter: Oberg Yáñez, Héctor (autor)
Andre forfattere: Manso Villalón, Macarena Victoria (autora)
Format: Bog
Sprog:spansk
Udgivet: Santiago LexisNexis 2008
Fag:
Tags: Tilføj Tag
Ingen Tags, Vær først til at tagge denne postø!

MARC

LEADER 00000nam a2200000 a 4500
001 UCI6218
003 CL-VaPUC
008 080425e20080000CL |||||||||||||||||spa|d
020 |a 9789562387491 
082 0 4 |a 347.83  |b OBE  |2 21 
100 |a Oberg Yáñez, Héctor  |e autor  |9 539071 
700 |a Manso Villalón, Macarena Victoria  |e autora  |9 779328 
245 1 0 |a Derecho procesal orgánico 
300 |a 228 p 
942 |c BK 
945 |d 20080425 00:00:00  |a rbrito 
260 |a Santiago  |b LexisNexis  |c 2008 
650 0 |a Derecho procesal penal  |9 255496 
650 0 |a Jurisdicción  |9 255090 
650 7 |a RECUSACIONES  |2 CL-VaPUC  |9 528940 
650 0 |a Código de procedimiento civil  |9 256305 
583 |a last modification  |c 20080425 00:00:00  |k Rodrigo Vera 
999 |c 329749  |d 329747 
952 |0 0  |1 0  |4 0  |6 347_830000000000000_OBE_2008  |7 0  |8 A  |9 414797  |a BIBDER  |b BIBDER  |d 2019-11-22  |i 4433181  |o 347.83 OBE 2008  |p 4433181  |r 2023-01-25  |w 2019-11-22  |y BK  |k DER 
952 |0 0  |1 0  |4 0  |6 347_830000000000000_OBE_2008  |7 0  |8 A  |9 414798  |a BIBDER  |b BIBDER  |d 2019-11-22  |i 4451139  |l 1  |o 347.83 OBE 2008  |p 4451139  |r 2024-05-23  |s 2024-05-23  |w 2019-11-22  |y BK  |k DER